000 00912nam a2200229 a 4500
999 _c1507
_d1507
003 AR-BaISA
005 20231117191750.0
006 aad||fr|||| 000 0
007 ta
008 231117s1976 ag ad||| |||| 000 0 spa d
040 _bspa
_cAR-BaISA
082 0 4 _222
_a150.195 G261
100 _93200
_aGear, María Carmen
_eaut.
245 1 0 _aPsicoanálisis del paciente y del ambiente /
_cMaría Carmen Gear y Ernesto César Liendo
260 _aBuenos Aires:
_bNueva Visión,
_c1976
300 _a[107] p.:
_bil., graf.
490 _aPsicología contemporánea
505 _tIntroducción: el porvenir de la terapia analítica --
_tPsicoterapia y situoterapia: el triple espejo psiquíco defensivo --
_tSituoterapia de pareja: diálogo clínico entre el psicoanálsis y la teoría de la comunicación
650 1 4 _9141
_aPsicoanálisis
700 _93201
_aLiendo, Ernesto César
_eaut.
942 _2ddc
_cLI
_e22